Statistics for worlds fastest cars #2 11-20

Click here to take the quiz!

General Stats

  • This quiz has been taken 53 times
  • The average score is 5 of 10

Answer Stats

Year(s) of ServicepriceTop speedRankManufacturerCar% Correct
20092.2m253 MPH14BugattiMansory Linea Vincero
100%
20052.55m253 MPH13BugattiVeyron 16.4
100%
20081.9m253 MPH15BugattiVeyron 16.4 Grand Sport
100%
20123m255 MPH11BugattiVeyron Grand sport Vitesse
100%
2012500k250 MPH17Porsche9FF Porsche 911 GT3
63%
20072.9m250 MPH19KoenigseggCCX-R
33%
20104.85m250 MPH20KoenigseggCCX-R Trevita
33%
20081.3m254 MPH12Porsche9FF GT9
12%
19953.4m252 MPH16Mercedes-BenzLotec C1000
5%
19942.06m250 MPH18Dauer962 Le Mans Porsche
2%

Score Distribution

Percentile by Number Answered

Percent of People with Each Score

Your Score History

You have not taken this quiz